| 000 | 00715nmm a2200265 a 4500 | ||
|---|---|---|---|
| 003 | AR-BaBNM | ||
| 005 | 20251128203636.0 | ||
| 008 | 127019s1992 ||||||||||||||000 | spa|| | ||
| 040 | _cAR-BaBNM | ||
| 100 | 1 | _aKatz, Ricardo Santiago | |
| 245 | 1 | 0 |
_aEscuela rural _bsu problemática y su perspectiva |
| 250 | _a1ª ed. | ||
| 260 |
_aBuenos Aires _bBiblioteca Educativa _c1992 |
||
| 300 | 0 | _a154 p. | |
| 504 | _aBibliografía p. 148-151 | ||
| 650 | 4 | _aEDUCACION RURAL | |
| 650 | 4 | _aFAMILIA RURAL | |
| 650 | 4 | _aDOCENTES DE ESCUELAS RURALES | |
| 650 | 4 | _aCURRICULO | |
| 650 | 4 | _aTRABAJO EN EQUIPO | |
| 653 | 0 | _aPROBLEMAS EDUCATIVOS | |
| 653 | 0 | _aESTRATEGIAS EDUCATIVAS | |
| 942 | _cBK | ||
| 998 | _cCarmen | ||
| 999 |
_c4296 _d4296 |
||